Bishad Sindu (Record no. 4637)

MARC details
000 -LEADER
fixed length control field 00334nam a22001577a 4500
005 - DATE AND TIME OF LATEST TRANSACTION
control field 20160629122302.0
008 - FIXED-LENGTH DATA ELEMENTS--GENERAL INFORMATION
fixed length control field 160629b xxu||||| |||| 00| 0 eng d
041 ## - LANGUAGE CODE
Language code of text/sound track or separate title eng
082 ## - DEWEY DECIMAL CLASSIFICATION NUMBER
Item number 11022
100 ## - MAIN ENTRY--AUTHOR NAME
Personal name Hussen, M.M.
245 ## - TITLE STATEMENT
Title Bishad Sindu
260 ## - PUBLICATION, DISTRIBUTION, ETC. (IMPRINT)
Name of publisher Harap
300 ## - PHYSICAL DESCRIPTION
Number of Pages 312
650 ## - SUBJECT ADDED ENTRY--TOPICAL TERM
Topical Term Management
942 ## - ADDED ENTRY ELEMENTS (KOHA)
Koha item type Books
Holdings
Lost status Damaged status Home library Date acquired Cost, normal purchase price Full call number Accession Number Koha item type
    JRU Library 29/06/2016 120.00 11022 11022 Books